Kenya: Into the Second Decade (Record no. 2492)

MARC details
000 -LEADER
fixed length control field 00348nam a22001097a 4500
008 - FIXED-LENGTH DATA ELEMENTS--GENERAL INFORMATION
fixed length control field 230623b xxu||||| |||| 00| 0 eng d
110 ## - MAIN ENTRY--CORPORATE NAME
Subordinate unit International Bank for Reconstruction and Development
245 ## - TITLE STATEMENT
Title Kenya: Into the Second Decade
260 ## - PUBLICATION, DISTRIBUTION, ETC. (IMPRINT)
Place of publication, distribution, etc. Baltimore and London
Name of publisher, distributor, etc. The John Hopkins University Press
Date of publication, distribution, etc. 1975
300 ## - PHYSICAL DESCRIPTION
Extent XI,533p
942 ## - ADDED ENTRY ELEMENTS (KOHA)
Source of classification or shelving scheme Dewey Decimal Classification
Koha item type Books
Holdings
Withdrawn status Lost status Source of classification or shelving scheme Damaged status Not for loan Home library Current library Date acquired Total Checkouts Barcode Date last seen Price effective from Koha item type
    Dewey Decimal Classification     County Hall Archives County Hall Archives 06/23/2023   10000594 06/23/2023 06/23/2023 Books
LIBRARY OPENING HOURS

When the Parliament is sitting: 8.00a.m - 7.00p.m or until the house adjourns
Mondays and Fridays and when the House is on Recess:  8.00a.m - 5.00p.m
Closed on Weekends and Public Holidays

Online Public Access Catalog (OPAC)
Website: http://www.parliament.go.ke
Bunge Library: https://libraryir.parliament.go.ke
Contact: library@parliament.go.ke | Tel no: (254-2)2221291 or 2848000 Ext 5043